000
00260nam a2200097Ia 4500
001
1209862
005
20250827024407.0
008
250824s9999 xx 000 0 und d
245
0
_a
SEN ÖLÜRSÜN BEN YAŞARIM
_c
CELİL OKER
260
_b
ALTIN KİTAPLAR YAYINLARI
999
_c
1209862
_d
1209862